Economic concentration in INDIA : The role of financial conditions (Record no. 533240)
[ view plain ]
| 000 -LEADER | |
|---|---|
| fixed length control field | 01342nam a22001337a 4500 |
| 008 - FIXED-LENGTH DATA ELEMENTS--GENERAL INFORMATION | |
| fixed length control field | 260430b ||||| |||| 00| 0 eng d |
| 100 ## - MAIN ENTRY--PERSONAL NAME | |
| Personal name | Dasgupta, Zico and Jayadev, Arjun |
| 245 ## - TITLE STATEMENT | |
| Title | Economic concentration in INDIA : The role of financial conditions |
| 260 ## - PUBLICATION, DISTRIBUTION, ETC. (IMPRINT) | |
| Place of publication, distribution, etc | Economic & Political Weekly |
| 300 ## - PHYSICAL DESCRIPTION | |
| Extent | 61(15), Apr 11, 2026: p.42-51 |
| 520 ## - SUMMARY, ETC. | |
| Summary, etc | Trends in corporate concentration in India’s non-financial sector, especially since 2015, are examined, using firm-level data from the Centre for Monitoring Indian Economy Prowess database. Changes in asset and income distribution across firms are reported, noting an overall decline in the public sector’s share and a steady increase in the share held by the top five private business groups on account of an increase in their share of total assets and total debt. This occurred during a period when many other firms reduced their leverage, particularly after the implementation of the Reserve Bank of India’s Asset Quality Review. Descriptive evidence is provided on changes in firm-level borrowing patterns and financial indicators, linking them with the differences in financial conditions across firms. –Reproduced https://www.epw.in/journal/2026/15/special-articles/economic-concentration-india.html |
| 773 ## - HOST ITEM ENTRY | |
| Main entry heading | Economic & Political Weekly |
| 942 ## - ADDED ENTRY ELEMENTS (KOHA) | |
| Item type | Articles |
| Withdrawn status | Lost status | Source of classification or shelving scheme | Damaged status | Not for loan | Permanent location | Current location | Date acquired | Serial Enumeration / chronology | Barcode | Date last seen | Koha item type |
|---|---|---|---|---|---|---|---|---|---|---|---|
| Indian Institute of Public Administration | Indian Institute of Public Administration | 2026-04-30 | 61(15), Apr 11, 2026: p.42-51 | AR138751 | 2026-04-30 | Articles |
